000 01324 a2200265 4500
005 20251128114628.0
008 251128b |||||||| |||| 00| 0 eng d
020 _a9789385538537 (hbk)
037 _cTB
040 _aCRL
_cCRL
041 _2hin
_ahin
_hsan
084 _aO15,4N54x 152R0
_qCRL
100 _aमिश्र, प्रफुल्लकुमार
_9821586
245 _aपत्रप्रिया :
_bसंस्कृत पत्रकथा - संग्रह
260 _aदिल्ली, भारत:
_bज्ञानभारती पब्लिकेशन्स,
_c2020.
300 _a135पृ.
365 _b495.00
_cINR
546 _aTranslated from Sanskrit to Hindi
650 _aसंस्कृत साहित्य
_9853449
650 _aसंस्कृत पत्र
_9853450
700 _aशुक्ल, राधेश्याम
_eअनुवादक
_9853451
700 _aमिश्रा, प्रमिता
_eअनुवादक
_9853452
942 _cTB
_2CC
_n0
_hO15,4N54x 152R0
999 _c1435573
_d1435573